Autobahnausfahrten an der BAB 3 - Statistiken

Allgemein
  • Dieses Quiz wurde 58 mal gespielt
  • Das Durchschnittsergebnis liegt bei 43 aus 126
Antwortstatistiken
Ausfahrt Name % Korrekt
58 Aschaffenburg
66%
69 Würzburg/Kist
66%
71 Würzburg/Randersacker
66%
86 Nürnberg/Behringersdorf
61%
23 Kreuz Leverkusen
59%
51 Frankfurt-Süd
56%
46 Wiesbaden/Niedernhausen
56%
83 Kreuz Fürth/Erlangen
54%
50 Frankfurt-Flughafen
51%
32 Kreuz Bonn/Siegburg
51%
52 Offenbach
51%
20 Solingen
51%
54 Hanau
49%
25 Köln-Mülheim
49%
27 Kreuz Köln-Ost
49%
40 Montabaur
49%
34 Bad Honnef/Linz
46%
50 Frankfurter Kreuz
46%
36 Neuwied
46%
101 Regensburg-Ost
46%
3a Emmerich
44%
10 Kreuz Oberhausen
44%
22 Leverkusen-Opladen
44%
42 Limburg-Nord
44%
43 Limburg-Süd
44%
115 Passau-Nord
44%
117 Passau-Süd
44%
106 Straubing
44%
45 Idstein
41%
29 Königsforst
41%
19 Kreuz Hilden
41%
30a Rösrath
41%
55 Seligenstadt
41%
6 Wesel
41%
44 Bad Camberg
39%
31 Lohmar
39%
35 Neustadt/Wied
39%
52 Offenbacher Kreuz
39%
116 Passau-Mitte
39%
66 Wertheim/Lengfurt
39%
41 Diez
37%
39 Dreieck Dernbach
37%
28 Dreieck Köln-Heumar
37%
49 Kelsterbach
37%
74 Kitzingen/Schwarzach
37%
73 Kreuz Biebelried
37%
88 Kreuz Nürnberg
37%
18 Mettmann
37%
48 Mönchhof Dreieck
37%
33 Siebengebirge
37%
104a Wörth/Wiesent
37%
62 Bessenbach/Waldaschaff
34%
8 Dinslaken-Nord
34%
9 Dinslaken-Süd
34%
68 Dreieck Würzburg-West
34%
14 Kreuz Kaiserberg
34%
65 Marktheidenfeld
34%
48 Raunheim
34%
4 Rees
34%
56 Seligenstädter Dreieck
34%
47 Wiesbadener Kreuz
34%
59 Aschaffenburg-Ost
32%
107 Bogen
32%
21 Dreieck Langenfeld
32%
15 Duisburg-Wedau
32%
60 Goldbach
32%
5 Hamminkeln
32%
7 Hünxe
32%
16 Kreuz Breitscheid
32%
110 Kreuz Deggendorf
32%
99 Kreuz Regensburg
32%
53 Obertshausen
32%
64 Rohrbrunn
32%
77 Schlüsselfeld
32%
63 Weibersbrunn
32%
70 Würzburg-Heidingsfeld
32%
90 Altdorf/Burgthann
29%
2 Elten
29%
81 Erlangen-West
29%
76 Geiselwind
29%
67 Helmstadt
29%
26 Köln-Delbrück
29%
12 Kreuz Oberhausen-West
29%
92a Neumarkt
29%
85 Nürnberg-Nord
29%
13 Oberhausen-Lirich
29%
79 Pommersfelden
29%
38 Ransbach-Baumbach
29%
100a Regensburg-Universität
29%
37 Dierdorf
27%
82 Erlangen-Frauenaurach
27%
113 Garham/Vilshofen
27%
80 Höchstadt-Ost
27%
61 Hösbach
27%
89 Kreuz Altdorf
27%
24 Leverkusen-Zentrum
27%
30b Lohmar-Nord
27%
102 Neutraubling
27%
11 Oberhausen-Holten
27%
94 Parsberg
27%
118 Pocking
27%
57 Stockstadt
27%
75 Wiesentheid
27%
84 Erlangen-Tennenlohe
24%
78 Höchstadt-Nord
24%
87 Nürnberg-Mögeldorf
24%
103 Rosenhof
24%
72 Rottendorf
24%
111 Hengersberg
22%
17 Kreuz Ratingen-Ost
22%
3b Emmerich-Ost
20%
98 Sinzing
20%
112 Iggensbach
17%
96 Laaber
17%
92b Neumarkt-Ost
17%
91 Oberölsbach
17%
93 Velburg
17%
104b Wörth-Ost
17%
114 Aicha
15%
95 Beratzhausen
15%
109 Metten
15%
100b Regensburg-Burgweinting
15%
108 Schwarzach
15%
45 Idstein-Süd
12%
97 Nittendorf
12%
105 Kirchroth
10%
Keine übereinstimmenden Quizze gefunden
Verteilung der Resultate
Anzahl Personen mit jedem Resultat
Perzentil nach korrekt beantworteten Fragen
Ihre Resultats-Entwicklung
Sie haben dieses Quiz noch nicht gespielt